The elegant solution : Toyota's formula for mastering innovation

Bibliographic Details
Main Author: May, Matthew E
Other Authors: Roberts, kevin
Format: Book
Published: NY : Free Press , 2006
Subjects:

MARC

LEADER 00000cam a2200000 7i4500
001 0000029861
005 20100818.0
008 100818
020 |a 1416538143 
090 0 0 |a 658.4063   |b MAY 
100 1 |a May, Matthew E 
245 1 4 |a The elegant solution :   |b Toyota's formula for mastering innovation   |c Matthew E. May 
260 |a NY :   |b Free Press ,   |c 2006 
610 0 |a Toyota Jidosha Kabushiki Kaisha 
650 0 |a Automobile industry and trade   |x Management   |x Employee participation   |z Japan 
650 0 |a Automobile industry and trade   |x Technological innovations   |z Japan 
650 0 |a Creative thinking 
700 1 |a Roberts, kevin 
999 |a 0001046453   |b Book   |c Adult Collection   |e Cawangan Urban Transformation Centre